First Word Sports Movies Quiz Stats

 Plays Quiz Updated Apr 12, 2021

Support Sporcle.
Go Orange.
Score 0/20 Timer 05:00
17 Plays Today
First Word % Correct
Million
97.2%
Space
96.7%
White
96.6%
Bend
94.7%
Any
94.2%
Field
93.2%
Cool
93%
Friday
92.3%
Jerry
92.1%
Air
89.8%
First Word % Correct
Remember
89.7%
Talladega
82.9%
Blades
82.9%
Bull
82.3%
Chariots
76.9%
Bang
70.7%
Tin
69.6%
Slap
57.1%
Over
55.1%
Touching
12.2%

You're not logged in!

Compare scores with friends on all Sporcle quizzes.
OR
Log In

From the Vault

Criteria Chess Pieces

by AdamUp

It's a Sporcle version of checkmate in six moves.
Remove Ads.
Support Sporcle.
Get the best of Sporcle when you Go Orange. This ad-free experience offers more features, more stats, and more fun while also helping to support Sporcle. Thank you for becoming a member.

Show Comments

Extras

Top Quizzes Today


Score Distribution

Your Account Isn't Verified!

In order to create a playlist on Sporcle, you need to verify the email address you used during registration. Go to your Sporcle Settings to finish the process.

Report this User

Report this user for behavior that violates our Community Guidelines.

Details: